00389nam a2200133 a 4500008004100000020001500041050002300056100002100079245002500100246006100125260004000186300002000226350000900246120416s0000 ||||||||||||||||| || u a047462554x aHF 5429.235.U5 Fos aFoster, Dennis L10aFranchising for free aowning your own business without investing your own cash aNew YorkbJohn Wiley and Sonsc1988 ax, 229p. : ill. a0.00